| 000 | 01558nam a2200337 a 4500 | ||
|---|---|---|---|
| 001 | BRCA_5950 | ||
| 005 | 20190320205256.0 | ||
| 008 | 240311s1752----mx-ad#####---#000-0#spa-# | ||
| 041 | _aspa | ||
| 044 | _amx | ||
| 050 | 4 |
_aHG3 870 _b.M7 B47 _c1752 |
|
| 100 | 1 |
_aBerdugc, Nicolas _915027 |
|
| 245 | 1 | 0 | _aReducciones de plata y oro, a las leyes 11. diner y 22. quilat. valores de una y otra especie por marcos, onzas, ochav, tomin y gran como S. Mag. (que Dios guarde) lo manda en sus novissimas reales ordenanzas, expedidas en 1. de Agosto de 1750, Cuyas reducciones, y calores el Excmo. Sr. conde de RevillaGigedo. |
| 260 |
_aMéxico _bIMP. de Doña María de Rivera _c1752 |
||
| 300 |
_a324 p. _c15 cm. |
||
| 500 | _aDedicatoria al Sr. D. Pedro de Núñez de Villavicencio, Juez Superintendente de la Real Casa de Moneda de México; contiene fe de erratas y prólogo. | ||
| 500 | _aFondo antiguo | ||
| 500 | _aSe encuentra en Caja Fuerte | ||
| 500 | _aH-149 | ||
| 500 | _aIncluye tablas | ||
| 500 | _aIncluye índice de tablas | ||
| 500 | _aCon Ex-libris de: Franz Mayer | ||
| 500 | _aEstado fisico: La encuadernación en piel pergamino se encuentra desprendida del lomo, la página 70 presenta una rotura | ||
| 500 | _aEn la anteportada se localiza una firma de A. G. | ||
| 506 | 0 | _aFondo reservado: para su consulta es necesario credencial de usuario y carta de motivos | |
| 650 | 1 | 4 |
_aCambio Internacional _vTablas _915028 |
| 650 | 1 | 4 |
_aDinero _914801 |
| 650 | 1 | 4 |
_aMonedas mexicanas _xHistoria _9670 |
| 902 | _aLAR | ||
| 942 |
_2lcc _cB |
||
| 999 |
_c5639 _d5639 |
||